| 000 | 00441nam a2200181Ia 4500 | ||
|---|---|---|---|
| 008 | 151018s9999 xx 000 0 und d | ||
| 082 |
_bRBASDV32979 _a824 |
||
| 100 | _aParul R. Sheth | ||
| 245 | _aSelf care for women | ||
| 250 | _b1 | ||
| 260 |
_bNational Book _c1999 |
||
| 300 | _a130 | ||
| 600 | _aParul R. Sheth | ||
| 630 | _aSelf care for women | ||
| 700 | _aParul R. Sheth | ||
| 730 | _aSelf care for women | ||
| 942 | _cBOOK | ||
| 999 |
_c1032499 _d1032496 |
||